00751nam a22001937a 4500003000900000008004100009040007100050082002400121100002800145245004000173260003300213300002500246505015300271650002400424650002500448700003000473700002800503700002600531AR-CdUCM190402b           ||||| |||| 00| 0 spa d  aMUNICIPALIDAD PROVINCIAL DEL CUSCOcBIBLIOTECA MUNICIPAL DEL CUSCO  aEP / 372.036 /bB38  aBenavides E. J. Augusto  aEnciclopedia escolar :b1er grado /  aLima :bEscuela nueva, s.a.,  a446 paginas c24 cm.  aContenido :Lenguaje --Matemática -- Naturaleza, comunidad y trabajo -- La higiene personal -- La habilitación del agua para el consumo humano...  aHistoria del Perú  aEducación primaria  aLevano Barrera, Miguel T.  aMarin del Aguila, Angel  aVásquez Vara, Juana